[Event "Montcalm 3 2022-23"]
[Site "Quebec CAN"]
[Date "2022.12.15"]
[Round "5"]
[White "Roux, Michel"]
[Black "Brown, Zachary"]
[Result "1-0"]
[WhiteElo "1554"]
[BlackElo "1662"]
[PlyCount "67"]
[EventDate "2022.11.17"]
[EventType "swiss"]
[EventRounds "5"]
[EventCountry "CAN"]

1. d4 d5 2. Bf4 c5 3. e3 Nc6 4. Nf3 Bg4 5. c3 e6 6. Qa4 Bxf3 7. gxf3 cxd4 8.
exd4 Bd6 9. Be3 Qf6 10. Nd2 Nge7 11. Bd3 O-O 12. Qc2 h6 13. O-O-O Rfc8 14. Kb1
Nb4 15. Bh7+ Kh8 16. Qb3 Kxh7 17. cxb4 Nc6 18. a3 Kg8 19. Qd3 b5 20. Nb3 a5 21.
bxa5 Nxa5 22. Nc5 Bxc5 23. dxc5 Nc4 24. Bd4 e5 25. Bc3 d4 26. Bb4 Qh4 27. Qe2
Qf4 28. Ka2 Ra4 29. b3 Rxb4 30. axb4 Ra8+ 31. Kb1 Qf5+ 32. Qe4 Na3+ 33. Kb2 Qe6
34. Qxa8+ 1-0

[Event "Montcalm 4 2021-22 Online"]
[Site "Quebec CAN"]
[Date "2022.03.03"]
[Round "1"]
[White "Coulombe, David"]
[Black "Auger, Bertrand"]
[Result "0-1"]
[WhiteElo "1453"]
[BlackElo "1903"]
[PlyCount "84"]
[EventDate "2022.03.03"]
[EventType "swiss"]
[EventRounds "5"]
[EventCountry "CAN"]

1. e4 e6 2. e5 d5 3. d4 b6 4. Bb5+ c6 5. Bd3 Ba6 6. Nf3 Qc8 7. Bg5 h6 8. Be3
Bxd3 9. Qxd3 Qa6 10. Qxa6 Nxa6 11. a3 c5 12. c3 Ne7 13. O-O Nc6 14. Nbd2 c4 15.
b4 cxb3 16. Nxb3 Rc8 17. Rac1 Ncb8 18. Bd2 Bxa3 19. Rb1 Kd7 20. Bc1 Be7 21. Bb2
Nc7 22. Rfc1 Nb5 23. Nfd2 a5 24. Ra1 Rc6 25. c4 dxc4 26. Rxc4 Rhc8 27. Rxc6
Rxc6 28. Rc1 a4 29. Rxc6 Nxc6 30. Nc1 Ncxd4 31. Nc4 a3 32. Nxb6+ Kc6 33. Bxd4
Nxd4 34. Nc4 Kd5 35. Nd6 Bxd6 36. exd6 Kxd6 37. Kf1 Kd5 38. f4 Kc4 39. Ke1 Kc3
40. Kd1 Nb3 41. Nxb3 Kxb3 42. Kc1 a2 0-1

[Event "Montcalm 4 2021-22 Online"]
[Site "Quebec CAN"]
[Date "2022.03.03"]
[Round "1"]
[White "Crepault, Francois"]
[Black "Vincent, Andre"]
[Result "1-0"]
[WhiteElo "1864"]
[BlackElo "1024"]
[PlyCount "91"]
[EventDate "2022.03.03"]
[EventType "swiss"]
[EventRounds "5"]
[EventCountry "CAN"]

1. d4 Nf6 2. Bg5 d5 3. Bxf6 exf6 4. e3 Bd6 5. c4 Bb4+ 6. Nc3 Bxc3+ 7. bxc3 Be6
8. cxd5 Bxd5 9. Nf3 O-O 10. Bd3 Nd7 11. c4 Bxf3 12. Qxf3 Rb8 13. O-O g6 14.
Rab1 c6 15. Rb2 Qc7 16. Rfb1 Kg7 17. Qg3 Qxg3 18. hxg3 b6 19. Be4 Rfc8 20. Bc2
f5 21. Kf1 Kf6 22. Bd1 h5 23. a4 a5 24. Rd2 Rh8 25. Bf3 Rbc8 26. c5 bxc5 27.
Rb7 Rhd8 28. Ra7 Ra8 29. Rxa8 Rxa8 30. Bxc6 Ra7 31. Rb2 cxd4 32. exd4 g5 33.
Ke2 h4 34. gxh4 gxh4 35. Kd3 Kg5 36. Bb7 f6 37. Kc4 f4 38. f3 f5 39. Kd5 Nf6+
40. Ke6 Nh5 41. d5 Ng7+ 42. Kf7 Nh5 43. d6 Nf6 44. Ke6 Kg6 45. d7 Nxd7 46. Kxd7
1-0

[Event "Montcalm 4 2021-22 Online"]
[Site "Quebec CAN"]
[Date "2022.03.03"]
[Round "1"]
[White "Diotte, Jean-Raymond"]
[Black "Dube, Daniel"]
[Result "0-1"]
[WhiteElo "1388"]
[BlackElo "1872"]
[PlyCount "96"]
[EventDate "2022.03.03"]
[EventType "swiss"]
[EventRounds "5"]
[EventCountry "CAN"]

1. g3 Nf6 2. Bg2 e6 3. c4 c5 4. Nf3 d5 5. O-O Nc6 6. d3 d4 7. e3 e5 8. Re1 Be7
9. exd4 exd4 10. Nbd2 O-O 11. a3 Bf5 12. Nb3 Bd6 13. Qc2 a5 14. Bd2 a4 15. Nc1
Qd7 16. b3 axb3 17. Nxb3 Ng4 18. Nh4 Be6 19. Qc1 Nce5 20. Qc2 Ng6 21. Nf3 Qa4
22. h3 N4e5 23. Nxe5 Nxe5 24. Rec1 Bf5 25. Be4 Bxh3 26. Nxd4 cxd4 27. Bxb7 Qa7
28. Bd5 Bf5 29. Be4 Bxe4 30. dxe4 Qd7 31. Kg2 Qg4 32. Bf4 d3 33. Qd2 Nf3 34.
Qe3 Bxf4 35. Qxf4 Qxf4 36. gxf4 d2 37. Rd1 Nd4 38. Rab1 Rxa3 39. Rxd2 Ne6 40.
f5 Nf4+ 41. Kf1 Rc3 42. Rd4 h5 43. e5 Rh3 44. Rxf4 Rh1+ 45. Kg2 Rxb1 46. Rh4
Re8 47. f4 Rb3 48. Rxh5 Ra8 0-1

[Event "Montcalm 4 2021-22 Online"]
[Site "Quebec CAN"]
[Date "2022.03.03"]
[Round "1"]
[White "Dumont, Eric"]
[Black "Marquis, Paul"]
[Result "0-1"]
[WhiteElo "1826"]
[BlackElo "2038"]
[PlyCount "78"]
[EventDate "2022.03.03"]
[EventType "swiss"]
[EventRounds "5"]
[EventCountry "CAN"]

1. d4 Nf6 2. Bf4 g6 3. e3 Bg7 4. Be2 d6 5. Nf3 O-O 6. c4 c5 7. Nc3 Nbd7 8. O-O
h6 9. h3 a6 10. a4 b6 11. Qc2 Bb7 12. d5 Ne8 13. Rfd1 Ne5 14. Ne4 Bc8 15. Bxe5
dxe5 16. Ng3 f5 17. Nh4 Qd6 18. Nf3 e4 19. Nd2 Qe5 20. Ra2 Nd6 21. Bf1 h5 22.
Ne2 g5 23. Qc3 f4 24. Qxe5 Bxe5 25. exf4 gxf4 26. Nc3 Bf5 27. Re1 e3 28. Nf3
Bd4 29. fxe3 fxe3 30. Kh2 Ne4 31. Nd1 Nd2 32. Nxd2 exd2 33. Rxe7 Bc2 34. Be2
Bxd1 35. Bxd1 h4 36. b3 Rf1 37. Be2 d1=Q 38. Bxd1 Bg1+ 39. Kh1 Bf2+ 0-1

[Event "Montcalm 4 2021-22 Online"]
[Site "Quebec CAN"]
[Date "2022.03.03"]
[Round "1"]
[White "Fecteau, Martin"]
[Black "Rochette, Mathieu"]
[Result "1-0"]
[WhiteElo "1879"]
[BlackElo "1417"]
[PlyCount "71"]
[EventDate "2022.03.03"]
[EventType "swiss"]
[EventRounds "5"]
[EventCountry "CAN"]

1. d4 Nf6 2. c4 e6 3. a3 d5 4. e3 c6 5. Nf3 Nbd7 6. Nc3 Bd6 7. Qc2 O-O 8. Bd3
dxc4 9. Bxc4 Re8 10. O-O Qc7 11. e4 e5 12. h3 exd4 13. Nxd4 Nf8 14. Be3 Ne6 15.
Nf3 Bd7 16. Rfe1 Nf8 17. Bd4 Nh5 18. Ng5 Be6 19. Bxe6 Nxe6 20. Nf3 Nxd4 21.
Nxd4 Rad8 22. Nf3 Nf4 23. Rad1 Ng6 24. Nd4 Be5 25. Nf3 Bxc3 26. Rxd8 Qxd8 27.
Qxc3 Nf4 28. e5 Ne6 29. Qe3 c5 30. Qe4 b6 31. Qa4 Re7 32. Rd1 Qc8 33. Rd6 Kf8
34. Qd1 Rc7 35. Ng5 h6 36. Nxe6+ 1-0

[Event "Montcalm 4 2021-22 Online"]
[Site "Quebec CAN"]
[Date "2022.03.03"]
[Round "1"]
[White "Sauve, Richard"]
[Black "Lambert, Pierre"]
[Result "0-1"]
[WhiteElo "1917"]
[BlackElo "1678"]
[PlyCount "102"]
[EventDate "2022.03.03"]
[EventType "swiss"]
[EventRounds "5"]
[EventCountry "CAN"]

1. d4 Nf6 2. c4 e6 3. Nc3 d5 4. Bg5 Be7 5. Nf3 Nbd7 6. e3 O-O 7. Qc2 c6 8. Bd3
h6 9. Bh4 Re8 10. O-O dxc4 11. Bxc4 Nd5 12. Bxe7 Qxe7 13. Rfe1 N7f6 14. a3 Bd7
15. e4 Nxc3 16. Qxc3 Rac8 17. Qb3 Rc7 18. Rad1 b5 19. Bf1 c5 20. d5 c4 21. Qc2
exd5 22. exd5 Qc5 23. Rxe8+ Nxe8 24. Qe4 Nd6 25. Qd4 Bf5 26. g4 Be4 27. Bg2
Bxf3 28. Bxf3 Qxd4 29. Rxd4 c3 30. bxc3 Rxc3 31. Be2 Rxa3 32. Rb4 a5 33. Rb2 b4
34. f3 b3 35. Kf2 a4 36. Ke3 Ra2 37. Rb1 Rc2 38. h4 Kf8 39. Bd3 Rc7 40. Ra1
Nc4+ 41. Kd4 Nb6 42. d6 Rc6 43. d7 Rd6+ 44. Kc5 Rxd3 45. Kxb6 b2 46. Rb1 a3 47.
Kc7 g6 48. d8=Q+ Rxd8 49. Kxd8 a2 50. Rxb2 a1=Q 51. Rb3 Qd4+ 0-1

[Event "Montcalm 4 2021-22 Online"]
[Site "Quebec CAN"]
[Date "2022.03.10"]
[Round "2"]
[White "Auger, Bertrand"]
[Black "Crepault, Francois"]
[Result "1/2-1/2"]
[WhiteElo "1903"]
[BlackElo "1864"]
[PlyCount "92"]
[EventDate "2022.03.03"]
[EventType "swiss"]
[EventRounds "5"]
[EventCountry "CAN"]

1. Nf3 d5 2. g3 Bg4 3. Bg2 Nd7 4. d4 Ngf6 5. O-O e6 6. Nbd2 Bd6 7. c4 c6 8. b3
O-O 9. Bb2 a5 10. Ne5 Bf5 11. Re1 Bb4 12. Nxd7 Qxd7 13. f3 a4 14. a3 Bxd2 15.
Qxd2 axb3 16. e4 Bg6 17. Qb4 b5 18. cxb5 cxb5 19. Qxb3 dxe4 20. fxe4 Rfe8 21.
Rad1 Rad8 22. Bc3 e5 23. d5 Qa7+ 24. Kh1 Ng4 25. Re2 Nf2+ 26. Rxf2 Qxf2 27. Be1
Qa7 28. Bb4 Bh5 29. Re1 Bg4 30. h3 Bd7 31. Kh2 Rc8 32. Rf1 Qd4 33. Qf3 f6 34.
Rd1 Qc4 35. h4 Qa2 36. g4 Rc2 37. Rf1 Rxg2+ 38. Qxg2 Qxg2+ 39. Kxg2 Bxg4 40.
Rc1 Rc8 41. Rxc8+ Bxc8 42. Kg3 Kf7 43. Bc5 h6 44. Kf3 g5 45. hxg5 hxg5 46. Bd6
Bh3 1/2-1/2

[Event "Montcalm 4 2021-22 Online"]
[Site "Quebec CAN"]
[Date "2022.03.10"]
[Round "2"]
[White "Lambert, Pierre"]
[Black "Fecteau, Martin"]
[Result "1/2-1/2"]
[WhiteElo "1678"]
[BlackElo "1879"]
[PlyCount "67"]
[EventDate "2022.03.03"]
[EventType "swiss"]
[EventRounds "5"]
[EventCountry "CAN"]

1. e4 c5 2. c3 d5 3. exd5 Qxd5 4. d4 Nf6 5. Nf3 e6 6. Na3 cxd4 7. Nb5 Qd8 8.
Bf4 Nd5 9. Qxd4 Nc6 10. Qd2 a6 11. Nbd4 Nxd4 12. Qxd4 Nxf4 13. Qxf4 Be7 14. Be2
O-O 15. O-O Qb6 16. Qd2 Rd8 17. Qc2 Bd7 18. Ne5 Be8 19. Rad1 Bf6 20. Ng4 Be7
21. Bd3 f5 22. Ne5 Bf6 23. Rfe1 Bh5 24. Be2 Be8 25. Bc4 Rxd1 26. Qxd1 Rd8 27.
Qb3 Rd6 28. Qxb6 Rxb6 29. Bb3 Bxe5 30. Rxe5 Bf7 31. Rc5 Kf8 32. Rc8+ Ke7 33.
Rc7+ Kf6 34. Rd7 1/2-1/2

[Event "Montcalm 4 2021-22 Online"]
[Site "Quebec CAN"]
[Date "2022.03.10"]
[Round "2"]
[White "Marquis, Paul"]
[Black "Dube, Daniel"]
[Result "1/2-1/2"]
[WhiteElo "2038"]
[BlackElo "1872"]
[PlyCount "38"]
[EventDate "2022.03.03"]
[EventType "swiss"]
[EventRounds "5"]
[EventCountry "CAN"]

1. e4 g6 2. d4 Bg7 3. c4 d6 4. Nc3 e5 5. Nf3 exd4 6. Nxd4 Nc6 7. Nxc6 bxc6 8.
Qc2 Ne7 9. Bd3 O-O 10. O-O f5 11. Bg5 h6 12. Bxe7 Qxe7 13. exf5 Bxf5 14. Rae1
Qd7 15. b3 Bxd3 16. Qxd3 Qf5 17. Re3 Qxd3 18. Rxd3 Bxc3 19. Rxc3 Rae8 1/2-1/2

[Event "Montcalm 4 2021-22 Online"]
[Site "Quebec CAN"]
[Date "2022.03.10"]
[Round "2"]
[White "Rochette, Mathieu"]
[Black "Dumont, Eric"]
[Result "0-1"]
[WhiteElo "1417"]
[BlackElo "1826"]
[PlyCount "78"]
[EventDate "2022.03.03"]
[EventType "swiss"]
[EventRounds "5"]
[EventCountry "CAN"]

1. d4 d5 2. Nf3 Nf6 3. c4 c6 4. Nc3 dxc4 5. a4 Bf5 6. e3 e6 7. Bxc4 Nbd7 8. O-O
Be7 9. Qe2 O-O 10. Rd1 Qc7 11. e4 Bg4 12. e5 Nd5 13. Nxd5 cxd5 14. Bb3 Rfc8 15.
Bd2 Qb6 16. Qd3 Bxf3 17. gxf3 Nf8 18. Kh1 f5 19. Rg1 Ng6 20. f4 a5 21. Rab1 Rc6
22. Bd1 Bf8 23. Bh5 Ne7 24. Rg5 Rc4 25. Qg3 Qxd4 26. Rg1 Ng6 27. Bxg6 hxg6 28.
Rxg6 Rc7 29. Bc3 Qe4+ 30. f3 Qxa4 31. Qh4 Qd7 32. Rh6 Kf7 33. Qh5+ Ke7 34. Rgg6
gxh6 35. Rf6 Qe8 36. Qh4 Kd7 37. Qf2 Ra6 38. Bxa5 Rxa5 39. Qb6 Rac5 0-1

[Event "Montcalm 4 2021-22 Online"]
[Site "Quebec CAN"]
[Date "2022.03.17"]
[Round "3"]
[White "Crepault, Francois"]
[Black "Marquis, Paul"]
[Result "1-0"]
[WhiteElo "1864"]
[BlackElo "2038"]
[PlyCount "81"]
[EventDate "2022.03.03"]
[EventType "swiss"]
[EventRounds "5"]
[EventCountry "CAN"]

1. d4 Nf6 2. c4 g6 3. Nc3 Bg7 4. e4 d6 5. Nf3 O-O 6. g3 e5 7. Bg2 Nbd7 8. O-O
exd4 9. Nxd4 a6 10. h3 Rb8 11. Be3 Re8 12. b3 c5 13. Nde2 b5 14. Qxd6 b4 15.
Na4 Nxe4 16. Bxe4 Bxa1 17. Rxa1 Rxe4 18. Nxc5 Rb6 19. Qd3 Rxe3 20. Qxe3 Nxc5
21. Qxc5 Bb7 22. Nf4 Rd6 23. Nd5 Bxd5 24. Rd1 Qb6 25. Qxb6 Rxb6 26. cxd5 Rd6
27. Rd4 a5 28. Kf1 Kf8 29. Ke2 Ke7 30. Kd3 Rb6 31. Rc4 a4 32. Kd4 axb3 33. axb3
Rf6 34. f4 h5 35. Kc5 h4 36. g4 g5 37. Re4+ Kd7 38. f5 Ra6 39. d6 Ra1 40. Re7+
Kd8 41. Rxf7 1-0

[Event "Montcalm 4 2021-22 Online"]
[Site "Quebec CAN"]
[Date "2022.03.17"]
[Round "3"]
[White "Dube, Daniel"]
[Black "Fecteau, Martin"]
[Result "0-1"]
[WhiteElo "1872"]
[BlackElo "1879"]
[PlyCount "90"]
[EventDate "2022.03.03"]
[EventType "swiss"]
[EventRounds "5"]
[EventCountry "CAN"]

1. e4 c5 2. Nf3 Nc6 3. Bb5 g6 4. O-O Bg7 5. Re1 e6 6. c3 Qb6 7. Bxc6 bxc6 8. d4
cxd4 9. cxd4 Ne7 10. Nc3 O-O 11. e5 f5 12. Bg5 Rf7 13. Qd2 Ba6 14. h4 Bc4 15.
b3 Bd5 16. Bxe7 Rxe7 17. Nxd5 exd5 18. Qg5 Re6 19. h5 h6 20. Qf4 Rf8 21. hxg6
Rxg6 22. Qd2 Rg4 23. e6 dxe6 24. Rxe6 Re4 25. Rxe4 fxe4 26. Ne5 Qc7 27. Rc1
Bxe5 28. dxe5 Qxe5 29. Rxc6 Qg5 30. Qxg5+ hxg5 31. Rg6+ Kf7 32. Rxg5 Ke6 33.
Rg6+ Ke5 34. Rc6 d4 35. Rc5+ Kd6 36. Rc2 d3 37. Rc1 Kd5 38. Rd1 Kd4 39. g4 Rf4
40. b4 Kc3 41. Rc1+ Kxb4 42. g5 d2 43. Rd1 Kc3 44. Kf1 Kd3 45. Kg2 Rg4+ 0-1

[Event "Montcalm 4 2021-22 Online"]
[Site "Quebec CAN"]
[Date "2022.03.17"]
[Round "3"]
[White "Dumont, Eric"]
[Black "Coulombe, David"]
[Result "1-0"]
[WhiteElo "1826"]
[BlackElo "1453"]
[PlyCount "73"]
[EventDate "2022.03.03"]
[EventType "swiss"]
[EventRounds "5"]
[EventCountry "CAN"]

1. d4 g6 2. Bf4 Bg7 3. e3 Nf6 4. h3 d5 5. c4 Bf5 6. Nc3 c6 7. Nf3 O-O 8. Be2
Nbd7 9. O-O e6 10. Qb3 b6 11. Rac1 Ne4 12. cxd5 Nxc3 13. Rxc3 cxd5 14. Ba6 Nf6
15. Bb7 Ne4 16. Rcc1 g5 17. Bc7 Qe7 18. Bxa8 g4 19. hxg4 Bxg4 20. Nh2 Nd2 21.
Qd3 Nf3+ 22. Nxf3 Bxf3 23. gxf3 e5 24. Qf5 Kh8 25. Bxd5 Rg8 26. Bxf7 Rf8 27.
Bxe5 Bxe5 28. Qxe5+ Qxe5 29. dxe5 Rxf7 30. Rc8+ Kg7 31. f4 h5 32. Rfc1 Kh6 33.
R1c6+ Kh7 34. R8c7 Rxc7 35. Rxc7+ Kg8 36. e6 Kf8 37. f5 1-0

[Event "Montcalm 4 2021-22 Online"]
[Site "Quebec CAN"]
[Date "2022.03.17"]
[Round "3"]
[White "Lambert, Pierre"]
[Black "Auger, Bertrand"]
[Result "0-1"]
[WhiteElo "1678"]
[BlackElo "1903"]
[PlyCount "60"]
[EventDate "2022.03.03"]
[EventType "swiss"]
[EventRounds "5"]
[EventCountry "CAN"]

1. e4 e6 2. d4 d5 3. Nc3 dxe4 4. Nxe4 Bd7 5. Nf3 Bc6 6. Bd3 Nd7 7. c3 Ngf6 8.
Qe2 Bxe4 9. Bxe4 Nxe4 10. Qxe4 c6 11. O-O Nf6 12. Qc2 Qc7 13. Re1 Bd6 14. h3
O-O 15. Bg5 Nd7 16. Qe2 Rfe8 17. Rad1 Nf8 18. Bc1 f6 19. Rd3 Rad8 20. b3 Qf7
21. c4 Ng6 22. Be3 Bb4 23. Red1 Rd7 24. Bd2 Bd6 25. Be3 Bb8 26. Qd2 Red8 27.
Qc1 e5 28. R3d2 e4 29. Ne1 f5 30. f3 f4 0-1

[Event "Montcalm 4 2021-22 Online"]
[Site "Quebec CAN"]
[Date "2022.03.17"]
[Round "3"]
[White "Rochette, Mathieu"]
[Black "Sauve, Richard"]
[Result "0-1"]
[WhiteElo "1417"]
[BlackElo "1917"]
[PlyCount "66"]
[EventDate "2022.03.03"]
[EventType "swiss"]
[EventRounds "5"]
[EventCountry "CAN"]

1. d4 d5 2. Nf3 Nf6 3. c4 e6 4. Bg5 h6 5. Bh4 Be7 6. Nc3 O-O 7. e3 b6 8. Bd3
Bb7 9. O-O Nbd7 10. Rc1 c5 11. cxd5 Nxd5 12. Bxe7 Qxe7 13. Nxd5 Bxd5 14. dxc5
Nxc5 15. Bb1 Rfd8 16. Qe2 Qb7 17. Rfd1 Bxf3 18. gxf3 a5 19. Rd4 Rac8 20. Rcd1
Rxd4 21. Rxd4 g6 22. f4 Rc7 23. Rd8+ Kh7 24. h4 Ne4 25. Qd1 Nf6 26. Kh2 Rd7 27.
Rxd7 Qxd7 28. Qf3 Qd2 29. b3 Qb2 30. Bd3 Qxa2 31. h5 Nxh5 32. Qxh5 Qxf2+ 33.
Kh3 Qxe3+ 0-1

[Event "Montcalm 4 2021-22 Online"]
[Site "Quebec CAN"]
[Date "2022.03.24"]
[Round "4"]
[White "Dumont, Eric"]
[Black "Crepault, Francois"]
[Result "0-1"]
[WhiteElo "1826"]
[BlackElo "1864"]
[PlyCount "70"]
[EventDate "2022.03.03"]
[EventType "swiss"]
[EventRounds "5"]
[EventCountry "CAN"]

1. d4 Nf6 2. Bf4 d5 3. e3 c5 4. c3 Nc6 5. Bd3 Qb6 6. Qc1 Bg4 7. h3 Bh5 8. Nd2
Rc8 9. Ngf3 e6 10. O-O Be7 11. dxc5 Bxc5 12. Ne5 Nxe5 13. Bxe5 Bxe3 14. Qe1 Bh6
15. Nb3 a6 16. Nd4 Nd7 17. Bg3 O-O 18. Rb1 Nc5 19. Bc2 Bg6 20. Bxg6 hxg6 21.
Qe2 Bg5 22. Kh1 Ne4 23. Nf3 Nxg3+ 24. fxg3 Bd8 25. Rbd1 Bc7 26. Rd4 Bxg3 27.
Rg4 Bb8 28. h4 Qd6 29. h5 gxh5 30. Rh4 g6 31. Rh3 Rc4 32. Qc2 Rg4 33. Re1 Rc8
34. Ne5 Re4 35. Rxe4 dxe4 0-1

[Event "Montcalm 4 2021-22 Online"]
[Site "Quebec CAN"]
[Date "2022.03.24"]
[Round "4"]
[White "Fecteau, Martin"]
[Black "Auger, Bertrand"]
[Result "1-0"]
[WhiteElo "1879"]
[BlackElo "1903"]
[PlyCount "91"]
[EventDate "2022.03.03"]
[EventType "swiss"]
[EventRounds "5"]
[EventCountry "CAN"]

1. d4 d5 2. c4 e6 3. Nf3 Nf6 4. g3 Be7 5. Bg2 O-O 6. O-O dxc4 7. Ne5 c5 8. dxc5
Bxc5 9. Qxd8 Rxd8 10. Nc3 Nc6 11. Nxc6 bxc6 12. Bxc6 Rb8 13. Bb5 Bb7 14. Bxc4
Ng4 15. h3 Ne5 16. Bb3 Rbc8 17. Bg5 Rd7 18. Rad1 h6 19. Bf4 Rxd1 20. Rxd1 Ng6
21. Bd6 Bb6 22. Na4 Bd8 23. Nc5 Bc6 24. Nd3 Ne7 25. Rc1 Nf5 26. Be5 Bg5 27. Rc2
Ne7 28. Nb4 Bb5 29. f4 Rxc2 30. Bxc2 Bf6 31. Bxf6 gxf6 32. Bd3 Bd7 33. e4 Kf8
34. Kf2 Ke8 35. Ke3 Kd8 36. Kd4 Kc7 37. Kc5 Nc8 38. g4 Ne7 39. Na6+ Kd8 40. b4
Ng6 41. f5 Ne7 42. b5 Nc8 43. a4 Ke7 44. Nb8 Be8 45. a5 Nd6 46. Nc6+ 1-0

[Event "Montcalm 4 2021-22 Online"]
[Site "Quebec CAN"]
[Date "2022.03.24"]
[Round "4"]
[White "Marquis, Paul"]
[Black "Sauve, Richard"]
[Result "1/2-1/2"]
[WhiteElo "2038"]
[BlackElo "1917"]
[PlyCount "147"]
[EventDate "2022.03.03"]
[EventType "swiss"]
[EventRounds "5"]
[EventCountry "CAN"]

1. e4 e6 2. d3 d5 3. Nd2 Nf6 4. Ngf3 c5 5. g3 Nc6 6. Bg2 Qc7 7. O-O Be7 8. Re1
b6 9. e5 Nd7 10. Qe2 Bb7 11. Nf1 O-O-O 12. h4 Rdg8 13. N1h2 h6 14. Ng4 h5 15.
Ngh2 Kb8 16. c3 Nf8 17. a3 Nh7 18. b4 g5 19. hxg5 Nxg5 20. Bxg5 Bxg5 21. Nxg5
Rxg5 22. Nf3 Rg4 23. bxc5 bxc5 24. Bh3 Rg7 25. d4 c4 26. Nh4 Ka8 27. Kh2 Na5
28. f4 Nb3 29. Ra2 Qa5 30. Qe3 Bc8 31. f5 Rhg8 32. Rg1 exf5 33. Bxf5 Bxf5 34.
Nxf5 Rg4 35. Nh6 Re4 36. Qf3 Rf8 37. Nxf7 h4 38. g4 Qc7 39. Rf2 Nxd4 40. cxd4
Rxd4 41. Qf6 c3 42. Qd6 Rxf7 43. Rxf7 Qxf7 44. Qc6+ Qb7 45. Qxc3 Rc4 46. Qd2
Qc6 47. Rg2 Qe6 48. Qg5 Kb7 49. Rb2+ Kc6 50. Qf5 Qe7 51. Qc8+ Qc7 52. Qe6+ Kc5
53. Rd2 Qc6 54. Qe7+ Kb6 55. Qd6 Qxd6 56. exd6 Kc6 57. Rxd5 Kd7 58. Kh3 Rc3+
59. Kxh4 Rxa3 60. g5 Ra1 61. g6 Rg1 62. Kh5 a5 63. Kh6 a4 64. g7 a3 65. Rd2
Rh1+ 66. Kg6 Rg1+ 67. Kf7 Rf1+ 68. Kg8 Rb1 69. Rh2 Rb2 70. Rh3 a2 71. Ra3 Kxd6
72. Kf7 Rf2+ 73. Ke8 Re2+ 74. Kf8 1/2-1/2

[Event "Montcalm 4 2021-22 Online"]
[Site "Quebec CAN"]
[Date "2022.03.24"]
[Round "4"]
[White "Vincent, Andre"]
[Black "Rochette, Mathieu"]
[Result "0-1"]
[WhiteElo "1024"]
[BlackElo "1417"]
[PlyCount "66"]
[EventDate "2022.03.03"]
[EventType "swiss"]
[EventRounds "5"]
[EventCountry "CAN"]

1. e4 d5 2. exd5 Qxd5 3. Nc3 Qd8 4. Nf3 Nf6 5. Bc4 Bg4 6. O-O e6 7. d3 Be7 8.
h3 Bxf3 9. Qxf3 c6 10. a3 Nbd7 11. Re1 O-O 12. Bf4 Nb6 13. Ba2 Nbd5 14. Be5 Re8
15. Ne4 Nxe4 16. dxe4 Nf6 17. Red1 Qa5 18. Bc3 Qc7 19. e5 Nd5 20. Rd3 Nxc3 21.
Rxc3 Qxe5 22. Qe3 Qc7 23. Rd1 Red8 24. Rcd3 c5 25. Bc4 b6 26. Qg3 Qxg3 27. fxg3
Rd4 28. b3 a6 29. a4 e5 30. h4 e4 31. Bd5 exd3 32. Bxa8 dxc2 33. Rc1 Rd1+ 0-1

[Event "Montcalm 4 2021-22 Online"]
[Site "Quebec CAN"]
[Date "2022.03.31"]
[Round "5"]
[White "Auger, Bertrand"]
[Black "Marquis, Paul"]
[Result "1-0"]
[WhiteElo "1903"]
[BlackElo "2038"]
[PlyCount "77"]
[EventDate "2022.03.03"]
[EventType "swiss"]
[EventRounds "5"]
[EventCountry "CAN"]

1. Nf3 Nf6 2. g3 g6 3. b4 Bg7 4. Bb2 O-O 5. Bg2 d6 6. c4 c6 7. O-O Qb6 8. a3 a5
9. Bd4 c5 10. bxc5 dxc5 11. Bc3 a4 12. d3 Nc6 13. Nbd2 Nd7 14. Rb1 Qc7 15. Qc1
e5 16. e3 Re8 17. Qb2 Qd6 18. Ne1 b6 19. Ne4 Qc7 20. f4 Bb7 21. g4 Re7 22. f5
f6 23. g5 gxf5 24. Rxf5 fxg5 25. Qf2 Nd8 26. Nxg5 Bxg2 27. Qxg2 Qb7 28. Ne4 Qc6
29. Nf3 Nf7 30. Nfg5 Rc8 31. Nxf7 Rxf7 32. Rxf7 Kxf7 33. Rf1+ Kg8 34. Rf5 Qe6
35. Rg5 Qe7 36. Nd6 Qxd6 37. Rxg7+ Kh8 38. Rxd7 Qf6 39. Rf7 1-0

[Event "Montcalm 4 2021-22 Online"]
[Site "Quebec CAN"]
[Date "2022.03.31"]
[Round "5"]
[White "Crepault, Francois"]
[Black "Fecteau, Martin"]
[Result "1/2-1/2"]
[WhiteElo "1864"]
[BlackElo "1879"]
[PlyCount "49"]
[EventDate "2022.03.03"]
[EventType "swiss"]
[EventRounds "5"]
[EventCountry "CAN"]

1. e4 c5 2. Nf3 Nc6 3. d4 cxd4 4. Nxd4 Nf6 5. Nc3 d6 6. Bg5 e6 7. Qd2 a6 8.
O-O-O Qa5 9. f4 h6 10. Bh4 Be7 11. Kb1 Nxe4 12. Nxe4 Qxd2 13. Rxd2 Bxh4 14.
Nxd6+ Ke7 15. Nxc6+ bxc6 16. g3 Bf6 17. Ne4 Rb8 18. Nxf6 Kxf6 19. Rd6 Ke7 20.
Rd2 Rd8 21. Rxd8 Kxd8 22. Bg2 Kc7 23. c4 c5 24. Kc2 Bb7 25. Bxb7 1/2-1/2

[Event "Montcalm 4 2021-22 Online"]
[Site "Quebec CAN"]
[Date "2022.03.31"]
[Round "5"]
[White "Lambert, Pierre"]
[Black "Vincent, Andre"]
[Result "1-0"]
[WhiteElo "1678"]
[BlackElo "1024"]
[PlyCount "71"]
[EventDate "2022.03.03"]
[EventType "swiss"]
[EventRounds "5"]
[EventCountry "CAN"]

1. e4 e6 2. d4 d5 3. e5 Be7 4. f4 g6 5. Nf3 Nh6 6. c3 O-O 7. Bd3 Nd7 8. Be3 Nb6
9. Nbd2 Bd7 10. h3 Qc8 11. Rc1 a6 12. g4 f5 13. g5 Nf7 14. h4 h5 15. gxh6 Nxh6
16. h5 Qe8 17. hxg6 Qxg6 18. Rg1 Ng4 19. Qe2 Qh5 20. Qh2 Be8 21. Bf2 Bg6 22.
Qxh5 Bxh5 23. Nh2 Kf7 24. Be2 Rg8 25. Ndf1 Rg7 26. Ne3 Rag8 27. Rg2 Kf8 28. Rc2
Nxe3 29. Rxg7 Rxg7 30. Bxe3 Bh4+ 31. Bf2 Rg1+ 32. Nf1 Bxf2+ 33. Kxf2 Rh1 34.
Ng3 Rh2+ 35. Kg1 Rh3 36. Nxh5 1-0

[Event "Montcalm 4 2021-22 Online"]
[Site "Quebec CAN"]
[Date "2022.03.31"]
[Round "5"]
[White "Rochette, Mathieu"]
[Black "Coulombe, David"]
[Result "0-1"]
[WhiteElo "1417"]
[BlackElo "1453"]
[PlyCount "58"]
[EventDate "2022.03.03"]
[EventType "swiss"]
[EventRounds "5"]
[EventCountry "CAN"]

1. d4 g6 2. Nf3 Bg7 3. c4 Nf6 4. Nc3 d6 5. e4 Nbd7 6. Bd3 e5 7. d5 Nc5 8. O-O
Nxd3 9. Qxd3 O-O 10. b4 a6 11. a4 a5 12. b5 b6 13. Bb2 Bh6 14. Ne2 Bg4 15. h3
Bxf3 16. Qxf3 Nd7 17. Bc1 Bxc1 18. Nxc1 Nc5 19. Nd3 Nxd3 20. Qxd3 f5 21. f3 Qg5
22. Ra2 fxe4 23. fxe4 Rxf1+ 24. Qxf1 Rf8 25. Qe1 Rf3 26. Rf2 Rxh3 27. Qf1 Rc3
28. Kh2 Qh4+ 29. Kg1 Qxe4 0-1

[Event "Montcalm 4 2021-22 Online"]
[Site "Quebec CAN"]
[Date "2022.03.31"]
[Round "5"]
[White "Sauve, Richard"]
[Black "Dumont, Eric"]
[Result "1-0"]
[WhiteElo "1917"]
[BlackElo "1826"]
[PlyCount "89"]
[EventDate "2022.03.03"]
[EventType "swiss"]
[EventRounds "5"]
[EventCountry "CAN"]

1. d4 d5 2. c4 c6 3. cxd5 cxd5 4. Nc3 Nf6 5. Bf4 Nc6 6. e3 a6 7. Nf3 Bg4 8. h3
Bxf3 9. Qxf3 e6 10. Bd3 Nb4 11. Bb1 Rc8 12. O-O Bd6 13. Bxd6 Qxd6 14. a3 Nc6
15. Bd3 O-O 16. Qe2 Na5 17. Rab1 Rc7 18. Na4 Rfc8 19. Nc5 e5 20. b4 e4 21. bxa5
exd3 22. Qxd3 Qe7 23. Rb6 Nd7 24. Rxb7 Nxc5 25. Rxc7 Qxc7 26. dxc5 Qxa5 27.
Qxd5 Qxa3 28. c6 Qc3 29. Rb1 h6 30. Rb7 Qa1+ 31. Kh2 Qf6 32. c7 Kh7 33. Qd7
Qe5+ 34. g3 Qe6 35. Qd3+ g6 36. Qc3 Qa2 37. Kg1 Qd5 38. Rb8 Qd1+ 39. Kg2 Qd5+
40. Kh2 Qf5 41. Kg1 Qd7 42. Rxc8 Qxc8 43. h4 Kg8 44. Qc5 Kg7 45. Qd4+ 1-0